'E'-Less African Countries Quiz Stats

 Plays Quiz Updated Jul 2, 2018

Challenge
Share
Tweet
Embed
Score 0/27 Timer 06:00
2 Plays Today
Countries % Correct
South Africa
95.3%
Sudan
90.5%
Morocco
90%
Chad
89.4%
Madagascar
86.9%
South Sudan
86.7%
Libya
86.3%
Mali
86.1%
Rwanda
84.2%
Zambia
83.5%
Ghana
83.3%
Uganda
83.1%
Tunisia
82.5%
Tanzania
82.2%
Countries % Correct
Somalia
81.6%
Angola
81.2%
Togo
81%
Djibouti
79.7%
Namibia
78.5%
Botswana
77.4%
Malawi
75.7%
Mauritania
74.6%
Burundi
72.9%
Gabon
72.1%
Mauritius
70.4%
Burkina Faso
69.7%
Comoros
68.7%

You're not logged in!

Compare scores with friends on all Sporcle quizzes.
OR
Log In

You Might Also Like...

Show Comments

Extras

Top Quizzes Today


Score Distribution

Your Account Isn't Verified!

In order to create a playlist on Sporcle, you need to verify the email address you used during registration. Go to your Sporcle Settings to finish the process.

Report this User

Report this user for behavior that violates our Community Guidelines.

Details: